000 00423nam a22001697a 4500
003 SGT
020 _a9789392787423
082 _a630
_bR22Y
100 _aYADAV R.S.
245 _aRECENT ADVANCEMENT IN AGRICULTURAL SCIENCE
250 _a1ST
260 _aINDIA
_bSSB PUB.
_c2022
300 _a148
650 _aNURSING
653 _aRECENT ADVANCEMENT IN AGRICULTURAL SCIENCE, FACULTY PUBLICATION
942 _2ddc
_cBK
999 _c24472
_d24472